Ser cristiano es una gozosa aventura para hombres con ilusión y coraje: Benagalbón-8-1987

Gardado en:
Detalles Bibliográficos
Formato: Libro
Idioma:Lingua castelá
Publicado: Madrid Secretariado Nacional Juventudes Marianas Vicencianas 1988
Subjects:
Tags: Engadir etiqueta
Sen Etiquetas, Sexa o primeiro en etiquetar este rexistro!

MARC

LEADER 00000nam a2200000 a 4500
001 UCX0297
003 CL-VaPUC
008 890921e19880000SP |||||||||||||||||spa|d
082 0 4 |a 268.6  |b SER  |2 21 
245 1 0 |a Ser cristiano es una gozosa aventura para hombres con ilusión y coraje: Benagalbón-8-1987 
300 |a 190 p 
942 |c BK 
945 |d 19890921 00:00:00 
260 |a Madrid  |b Secretariado Nacional Juventudes Marianas Vicencianas  |c 1988 
650 0 |a Catequesis  |9 314526 
650 7 |a EDUCACION CRISTIANA  |2 CL-VaPUC  |9 308333 
583 |a last modification  |c 19890921 00:00:00  |k Rodrigo Vera 
999 |c 221935  |d 221933 
952 |0 0  |1 0  |4 0  |6 268_600000000000000_SER_1988  |7 0  |8 A  |9 216019  |a BIBTEO  |b BIBTEO  |d 2019-11-15  |i 2845997  |o 268.6 SER 1988  |p 2845997  |r 2025-01-17  |w 2019-11-15  |y BK  |k ICR